Memòria 1988, 1989 i 1990 - 91 / Pla de Cooperació i Assistència Local, PCAL
ISBN:
84-7794-146-7
Descripción Física:
72 p. ; 30 cm
MARC
| LEADER | 00000nam a2200000Ia 4500 | ||
|---|---|---|---|
| 001 | 9375 | ||
| 008 | 160829s1991 xx 000 0 cat d | ||
| 020 | |a 84-7794-146-7 | ||
| 080 | |a M-3-218 | ||
| 110 | 2 | |a Pla de Cooperació i Assistència Local |9 55243 | |
| 245 | |a Memòria 1988, 1989 i 1990 - 91 / Pla de Cooperació i Assistència Local, PCAL | ||
| 260 | |a Barcelona : |b Diputació de Barcelona, |c 1991 | ||
| 300 | |a 72 p. ; |c 30 cm | ||
| 610 | 2 | 0 | |a Pla de Cooperació i Assistència Local |v Revistes |9 55244 |
| 901 | |a Arxiu | ||
| 942 | |n 1 | ||
| 952 | |0 0 |1 0 |4 0 |6 M3218 |7 1 |9 49168 |a Arxiu |b Arxiu |d 2016-12-01 |l 0 |o M-3-218 |p 9375 |r 2016-12-01 00:00:00 |w 2016-12-01 |y ARXIU | ||
| 999 | |c 53008 |d 53008 | ||